| 000 | 00884nam a2200277Ia 4500 | ||
|---|---|---|---|
| 005 | 20251020182514.0 | ||
| 008 | 200515s9999 xx 000 0 und d | ||
| 020 | _a968-18-4905-1 | ||
| 082 | _a658.25.2/J67 | ||
| 100 | _aJohanson, Henry J. | ||
| 100 | _aMcHugh, Patrick | ||
| 245 | 0 | _aReingeniería de procesos de negocios | |
| 260 | _aMéxico,DF | ||
| 260 | _bLimusa | ||
| 260 | _c1994 | ||
| 300 | _a268 p. | ||
| 300 | _bil. tbls. | ||
| 500 | _a1 ejemplar | ||
| 520 | _aEnfoca en la efectividad de la reingeniería de procesos de negocios para demostrar la forma en que las compañías pueden modificar sus operaciones -y como consecuencia natural reducir sus costos- en su camino hacia la creación de la excelencia en sus proce | ||
| 650 | _aADMINISTRACION | ||
| 650 | _aLIB | ||
| 650 | _aNEGOCIOS | ||
| 650 | _aREINGENIERIA | ||
| 942 | _cLIB | ||
| 999 |
_c1521 _d1521 |
||